| 000 | 00451nam a2200181Ia 4500 | ||
|---|---|---|---|
| 001 | 25369 | ||
| 005 | 20260414151145.0 | ||
| 008 | 260414t2023||||xx |||||||||||||| ||spa|| | ||
| 041 | _aESP | ||
| 082 |
_a346.5 _bF43N |
||
| 100 |
_aFerrero Costa, Raúl, _eAUT |
||
| 245 | 0 |
_aEl negocio jurídico : _berecho de las obligaciones |
|
| 260 | _c2023 | ||
| 300 |
_a650 páginas : _c25 cm. |
||
| 650 | _aDER | ||
| 654 | _aCDE | ||
| 942 |
_cLIB _dJUS _fJUS _2ddc _n |
||
| 999 |
_c25369 _d25369 |
||